[Event "escc2023_50"]
[Site "?"]
[Date "2023.05.29"]
[Round "4.1"]
[White "Baliuniene, Margarita"]
[Black "Novak, Simona"]
[Result "1-0"]
[BlackElo "1622"]
[WhiteElo "1920"]
[LiveChessVersion "1.4.8"]

1. d4 {[%clk 1:30:56]} d5 {[%clk 1:30:51]} 2. c4 {[%clk 1:31:15]} c6
{[%clk 1:31:15]} 3. e3 {[%clk 1:31:33]} Nf6 {[%clk 1:31:17]} 4. Nc3
{[%clk 1:31:58]} e6 {[%clk 1:27:12]} 5. Nf3 {[%clk 1:32:20]} Nbd7
{[%clk 1:27:38]} 6. Bd3 {[%clk 1:30:54]} dxc4 {[%clk 1:27:30]} 7. Bxc4
{[%clk 1:31:23]} b5 {[%clk 1:27:53]} 8. Bd3 {[%clk 1:31:48]} Bd6 {[%clk 1:27:21]}
9. O-O {[%clk 1:32:02]} Bb7 {[%clk 1:26:36]} 10. Qe2 {[%clk 1:29:43]} O-O
{[%clk 1:22:05]} 11. Rd1 {[%clk 1:27:47]} Qe7 {[%clk 1:20:03]} 12. e4
{[%clk 1:14:35]} e5 {[%clk 1:18:35]} 13. g3 {[%clk 1:13:00]} a6 {[%clk 1:15:16]}
14. Bc2 {[%clk 1:08:13]} c5 {[%clk 1:14:00]} 15. d5 {[%clk 1:07:00]} h6
{[%clk 1:11:39]} 16. Nh4 {[%clk 1:06:16]} Nb6 {[%clk 1:02:31]} 17. Nf5
{[%clk 1:06:02]} Qd7 {[%clk 1:02:48]} 18. Nxd6 {[%clk 0:59:20]} Qxd6
{[%clk 1:03:17]} 19. f4 {[%clk 0:59:14]} b4 {[%clk 0:57:10]} 20. Na4
{[%clk 0:58:55]} Nbd7 {[%clk 0:54:17]} 21. Be3 {[%clk 0:55:36]} Rac8
{[%clk 0:52:29]} 22. b3 {[%clk 0:54:19]} Rfe8 {[%clk 0:49:07]} 23. f5
{[%clk 0:46:59]} Rc7 {[%clk 0:40:26]} 24. Rac1 {[%clk 0:46:58]} Rec8
{[%clk 0:40:01]} 25. Bd3 {[%clk 0:46:16]} Kh8 {[%clk 0:27:56]} 26. Rc2
{[%clk 0:44:17]} Nb8 {[%clk 0:24:09]} 27. Nb2 {[%clk 0:43:17]} Nbd7
{[%clk 0:18:28]} 28. Nc4 {[%clk 0:41:26]} Qf8 {[%clk 0:18:52]} 29. d6
{[%clk 0:32:15]} Nxe4 {[%clk 0:13:05]} 30. dxc7 {[%clk 0:31:30]} Nc3
{[%clk 0:13:26]} 31. Rxc3 {[%clk 0:31:25]} bxc3 {[%clk 0:13:52]} 32. Na5
{[%clk 0:31:11]} Rxc7 {[%clk 0:13:53]} 33. Nxb7 {[%clk 0:31:33]} Rxb7
{[%clk 0:14:21]} 34. Bxa6 {[%clk 0:31:24]} Rc7 {[%clk 0:14:06]} 35. Bb5
{[%clk 0:29:20]} Nf6 {[%clk 0:13:45]} 36. Qc4 {[%clk 0:28:51]} Qc8
{[%clk 0:12:50]} 37. Qxc3 {[%clk 0:25:35]} Qxf5 {[%clk 0:11:37]} 38. Rf1
{[%clk 0:20:12]} Qe4 {[%clk 0:11:00]} 39. Qd3 {[%clk 0:16:11]} Qb7
{[%clk 0:09:09]} 40. a4 {[%clk 0:15:33]} e4 {[%clk 0:08:23]} 41. Qd6
{[%clk 0:13:49]} Ng4 {[%clk 0:07:52]} 42. Bf4 {[%clk 0:12:29]} Re7
{[%clk 0:07:04]} 43. Qb8+ {[%clk 0:10:02]} Qxb8 {[%clk 0:05:31]} 44. Bxb8
{[%clk 0:10:30]} e3 {[%clk 0:02:15]} 45. Bd6 {[%clk 0:10:12]} Re6
{[%clk 0:30:16]} 46. Bxc5 {[%clk 0:40:35]} e2 {[%clk 0:30:44]} 47. Re1
{[%clk 0:40:31]} Re5 {[%clk 0:28:55]} 48. Bf2 {[%clk 0:40:46]} 1-0

[Event "escc2023_50"]
[Site "?"]
[Date "2023.05.29"]
[Round "4.2"]
[White "Dubois, Martine"]
[Black "Urbanc, Suzana"]
[Result "1-0"]
[BlackElo "1655"]
[WhiteElo "1753"]
[LiveChessVersion "1.4.8"]

1. e4 {[%clk 1:30:58]} Nf6 {[%clk 1:30:42]} 2. e5 {[%clk 1:31:23]} Nd5
{[%clk 1:31:07]} 3. c4 {[%clk 1:31:45]} Nb6 {[%clk 1:31:29]} 4. d4
{[%clk 1:32:11]} d6 {[%clk 1:31:50]} 5. exd6 {[%clk 1:32:36]} cxd6
{[%clk 1:32:18]} 6. Nc3 {[%clk 1:32:52]} g6 {[%clk 1:32:45]} 7. Be3
{[%clk 1:33:12]} Bg7 {[%clk 1:32:53]} 8. Rc1 {[%clk 1:33:35]} O-O
{[%clk 1:33:00]} 9. b3 {[%clk 1:33:57]} d5 {[%clk 1:21:37]} 10. c5
{[%clk 1:33:50]} e5 {[%clk 1:21:51]} 11. cxb6 {[%clk 1:28:49]} Nc6
{[%clk 1:21:50]} 12. Nge2 {[%clk 1:10:04]} exd4 {[%clk 0:40:41]} 13. Nxd4
{[%clk 1:06:13]} Re8 {[%clk 0:40:15]} 14. Be2 {[%clk 1:00:28]} axb6
{[%clk 0:32:24]} 15. O-O {[%clk 0:58:52]} Qf6 {[%clk 0:22:37]} 16. Nxd5
{[%clk 0:53:49]} Qd8 {[%clk 0:15:20]} 17. Nf3 {[%clk 0:43:43]} Rxa2
{[%clk 0:15:18]} 18. Bc4 {[%clk 0:40:44]} Bg4 {[%clk 0:12:10]} 19. Bxb6
{[%clk 0:34:28]} Qd6 {[%clk 0:09:25]} 20. Nc3 {[%clk 0:28:15]} Qf6
{[%clk 0:03:06]} 21. Nxa2 {[%clk 0:28:00]} Ne5 {[%clk 0:03:34]} 22. Be2
{[%clk 0:24:34]} Qxb6 {[%clk 0:03:34]} 23. Nxe5 {[%clk 0:24:19]} Bxe2
{[%clk 0:03:36]} 24. Qxe2 {[%clk 0:23:56]} Bxe5 {[%clk 0:04:01]} 25. Qc4
{[%clk 0:23:10]} Bd4 {[%clk 0:01:55]} 26. Nc3 {[%clk 0:22:04]} Qf6
{[%clk 0:00:34]} 27. Nd5 {[%clk 0:21:54]} Qe5 {[%clk 0:01:01]} 28. Rcd1
{[%clk 0:19:56]} Ba7 {[%clk 0:00:42]} 29. Qc3 {[%clk 0:18:11]} 1-0

[Event "escc2023_50"]
[Site "?"]
[Date "2023.05.29"]
[Round "4.3"]
[White "Sirletti, Sonia"]
[Black "Baglay, Kseniya"]
[Result "1/2-1/2"]
[BlackElo "1712"]
[WhiteElo "1825"]
[LiveChessVersion "1.4.8"]

1. d4 {[%clk 1:30:44]} Nf6 {[%clk 1:30:53]} 2. Nf3 {[%clk 1:31:08]} d5
{[%clk 1:30:53]} 3. e3 {[%clk 1:31:27]} Bf5 {[%clk 1:30:35]} 4. c4
{[%clk 1:31:02]} e6 {[%clk 1:28:14]} 5. Nc3 {[%clk 1:31:08]} c6 {[%clk 1:25:38]}
6. Bd3 {[%clk 1:31:19]} Bg6 {[%clk 1:24:58]} 7. O-O {[%clk 1:31:04]} Nbd7
{[%clk 1:23:57]} 8. Re1 {[%clk 1:30:12]} Ne4 {[%clk 1:18:48]} 9. cxd5
{[%clk 1:24:42]} exd5 {[%clk 1:16:56]} 10. Qc2 {[%clk 1:22:11]} f5
{[%clk 1:15:48]} 11. Ne5 {[%clk 1:19:57]} Bd6 {[%clk 1:08:37]} 12. Nxd7
{[%clk 1:14:54]} Kxd7 {[%clk 1:07:54]} 13. f3 {[%clk 1:12:44]} Bxh2+
{[%clk 1:07:48]} 14. Kf1 {[%clk 0:57:47]} Ng3+ {[%clk 1:08:00]} 15. Kf2
{[%clk 0:58:10]} Qh4 {[%clk 1:07:50]} 16. Rd1 {[%clk 0:43:46]} Ne4+
{[%clk 1:00:35]} 17. Kf1 {[%clk 0:44:06]} Bg3 {[%clk 0:58:50]} 18. Ke2
{[%clk 0:22:01]} Qh2 {[%clk 0:58:05]} 19. Rf1 {[%clk 0:21:26]} Qxg2+
{[%clk 0:52:03]} 20. Kd1 {[%clk 0:21:49]} Nf2+ {[%clk 0:44:00]} 21. Rxf2
{[%clk 0:21:33]} Qxf2 {[%clk 0:44:00]} 22. Qxf2 {[%clk 0:20:46]} Bxf2
{[%clk 0:44:27]} 23. Ke2 {[%clk 0:19:15]} Bh4 {[%clk 0:44:18]} 24. Bd2
{[%clk 0:18:42]} Rae8 {[%clk 0:44:23]} 25. Rh1 {[%clk 0:17:44]} Bg5
{[%clk 0:44:13]} 26. Nd1 {[%clk 0:13:16]} Rhf8 {[%clk 0:42:52]} 27. Bb4
{[%clk 0:11:37]} Rf6 {[%clk 0:42:17]} 28. Bc3 {[%clk 0:02:45]} Rfe6
{[%clk 0:40:24]} 29. Bd2 {[%clk 0:01:12]} f4 {[%clk 0:39:31]} 30. Bxg6
{[%clk 0:01:26]} hxg6 {[%clk 0:39:51]} 31. Rg1 {[%clk 0:01:04]} Bh6
{[%clk 0:40:14]} 32. Bc1 {[%clk 0:01:11]} fxe3 {[%clk 0:40:35]} 33. b3
{[%clk 0:01:12]} Bf4 {[%clk 0:40:59]} 34. Bb2 {[%clk 0:01:06]} g5
{[%clk 0:41:22]} 35. Nc3 {[%clk 0:01:22]} Rh8 {[%clk 0:41:36]} 36. Rg2
{[%clk 0:01:41]} Reh6 {[%clk 0:41:38]} 37. Kd3 {[%clk 0:01:43]} Rh2
{[%clk 0:41:59]} 38. Rxh2 {[%clk 0:02:01]} Rxh2 {[%clk 0:42:27]} 39. Ne2
{[%clk 0:02:20]} Rf2 {[%clk 0:41:59]} 40. Bc3 {[%clk 0:01:43]} Rxf3
{[%clk 0:42:17]} 41. Ng1 {[%clk 0:01:37]} e2+ {[%clk 0:42:03]} 42. Nxf3
{[%clk 0:01:56]} Ke6 {[%clk 0:40:20]} 43. Kxe2 {[%clk 0:01:21]} Kf5
{[%clk 0:37:59]} 44. Ne5 {[%clk 0:28:27]} Bxe5 {[%clk 0:57:31]} 45. dxe5
{[%clk 0:28:48]} c5 {[%clk 0:57:57]} 46. e6 {[%clk 0:24:51]} Kxe6
{[%clk 0:58:26]} 47. Bxg7 {[%clk 0:24:49]} b5 {[%clk 0:53:03]} 48. Bf8
{[%clk 0:19:22]} c4 {[%clk 0:53:27]} 49. Ke3 {[%clk 0:15:18]} cxb3
{[%clk 0:48:29]} 50. axb3 a5 51. Bh6 {[%clk 0:12:59]} Kf5 {[%clk 0:46:12]} 52.
Kd4 {[%clk 0:10:37]} a4 {[%clk 0:46:27]} 53. bxa4 {[%clk 0:10:44]} bxa4
{[%clk 0:46:56]} 54. Kxd5 {[%clk 0:10:20]} a3 {[%clk 0:46:09]} 55. Bg7
{[%clk 0:09:37]} g4 {[%clk 0:44:12]} 56. Kc4 {[%clk 0:09:39]} Ke4
{[%clk 0:42:31]} 57. Kb3 {[%clk 0:09:17]} g3 {[%clk 0:41:35]} 58. Bf8
{[%clk 0:07:12]} Kd5 {[%clk 0:40:32]} 59. Bh6 {[%clk 0:07:07]} Ke4
{[%clk 0:40:37]} 60. Bf8 {[%clk 0:07:19]} 1/2-1/2

[Event "escc2023_50"]
[Site "?"]
[Date "2023.05.29"]
[Round "4.4"]
[White "Ni, Polina"]
[Black "Makropoulou, Marina"]
[Result "0-1"]
[BlackElo "2081"]
[WhiteElo "1892"]
[LiveChessVersion "1.4.8"]

1. e4 {[%clk 1:30:35]} c5 {[%clk 1:30:38]} 2. Nf3 {[%clk 1:30:33]} d6
{[%clk 1:31:02]} 3. Bb5+ {[%clk 1:30:36]} Nd7 {[%clk 1:30:24]} 4. d4
{[%clk 1:28:47]} cxd4 {[%clk 1:30:35]} 5. Qxd4 {[%clk 1:26:58]} e5
{[%clk 1:30:37]} 6. Qd3 {[%clk 1:25:12]} a6 {[%clk 1:29:02]} 7. Bxd7+
{[%clk 1:19:47]} Bxd7 {[%clk 1:28:47]} 8. c4 {[%clk 1:17:23]} h6 {[%clk 1:24:46]}
9. Nc3 {[%clk 1:16:09]} Nf6 {[%clk 1:24:33]} 10. O-O {[%clk 1:13:26]} Be7
{[%clk 1:23:53]} 11. a4 {[%clk 1:07:59]} O-O {[%clk 1:23:55]} 12. Ne1
{[%clk 1:02:11]} Rc8 {[%clk 1:12:37]} 13. Nc2 {[%clk 0:56:44]} Nh5
{[%clk 0:48:58]} 14. Nd5 {[%clk 0:45:32]} f5 {[%clk 0:46:26]} 15. Nce3
{[%clk 0:40:16]} fxe4 {[%clk 0:42:51]} 16. Qxe4 {[%clk 0:38:40]} Bg5
{[%clk 0:41:08]} 17. b3 {[%clk 0:29:50]} Bc6 {[%clk 0:25:55]} 18. Ba3
{[%clk 0:19:02]} Nf4 {[%clk 0:25:03]} 19. Nf5 {[%clk 0:17:12]} Qd7
{[%clk 0:10:44]} 20. Nxd6 {[%clk 0:07:55]} Qg4 {[%clk 0:11:05]} 21. g3
{[%clk 0:05:03]} Rcd8 {[%clk 0:09:56]} 22. Kh1 {[%clk 0:04:26]} Nxd5
{[%clk 0:05:12]} 23. cxd5 {[%clk 0:03:48]} Qxe4+ {[%clk 0:05:15]} 24. Nxe4
{[%clk 0:03:56]} Bxd5 {[%clk 0:05:32]} 25. Bxf8 {[%clk 0:02:54]} Bxe4+
{[%clk 0:05:55]} 26. f3 {[%clk 0:02:53]} Bd3 {[%clk 0:06:16]} 27. Rfe1
{[%clk 0:01:18]} Kxf8 {[%clk 0:06:28]} 28. Rad1 {[%clk 0:00:49]} e4
{[%clk 0:06:24]} 29. h4 {[%clk 0:00:54]} Bf6 {[%clk 0:06:34]} 30. fxe4
{[%clk 0:00:46]} Bxe4+ {[%clk 0:06:47]} 31. Kh2 {[%clk 0:01:10]} Rxd1
{[%clk 0:05:11]} 32. Rxd1 {[%clk 0:01:36]} Bc6 {[%clk 0:05:27]} 33. Re1
{[%clk 0:00:40]} h5 {[%clk 0:05:37]} 34. Kg1 {[%clk 0:00:38]} Bd4+
{[%clk 0:04:45]} 35. Kf1 {[%clk 0:00:43]} Kf7 {[%clk 0:04:49]} 36. Rd1
{[%clk 0:00:38]} Bc5 {[%clk 0:02:41]} 37. Ke2 {[%clk 0:00:38]} Ke6
{[%clk 0:01:57]} 38. Rc1 {[%clk 0:00:34]} Bd6 {[%clk 0:02:00]} 39. Kf2
{[%clk 0:00:39]} a5 {[%clk 0:01:59]} 40. Rc2 {[%clk 0:00:35]} g6 {[%clk 0:02:03]}
41. Rc1 {[%clk 0:27:04]} Bd5 {[%clk 0:31:48]} 42. Rc3 {[%clk 0:24:56]} Be5
{[%clk 0:31:24]} 43. Re3 {[%clk 0:23:26]} Kd6 {[%clk 0:31:20]} 44. Ke2
{[%clk 0:22:49]} Bd4 {[%clk 0:26:32]} 45. Rd3 {[%clk 0:21:46]} Ke5
{[%clk 0:26:25]} 46. Kd1 {[%clk 0:18:08]} Be4 {[%clk 0:24:15]} 47. Rd2
{[%clk 0:18:13]} Be3 {[%clk 0:21:55]} 48. Rd7 {[%clk 0:15:11]} Bf2
{[%clk 0:21:43]} 49. Re7+ {[%clk 0:14:42]} Kd4 {[%clk 0:21:57]} 50. Kd2
{[%clk 0:13:22]} Bxg3 {[%clk 0:22:10]} 0-1

[Event "escc2023_50"]
[Site "?"]
[Date "2023.05.29"]
[Round "4.5"]
[White "Arkell, Keith C"]
[Black "Bellia, Fabrizio"]
[Result "1/2-1/2"]
[BlackElo "2393"]
[WhiteElo "2390"]
[LiveChessVersion "1.4.8"]

1. d4 {[%clk 1:30:57]} Nf6 {[%clk 1:30:54]} 2. Nf3 {[%clk 1:31:23]} e6
{[%clk 1:31:19]} 3. c3 {[%clk 1:31:46]} d5 {[%clk 1:31:17]} 4. Bg5
{[%clk 1:32:07]} c5 {[%clk 1:31:23]} 5. e3 {[%clk 1:32:30]} h6 {[%clk 1:31:44]}
6. Bh4 {[%clk 1:32:33]} Qb6 {[%clk 1:31:39]} 7. Qb3 {[%clk 1:28:56]} Nc6
{[%clk 1:26:41]} 8. Nbd2 {[%clk 1:28:21]} Bd7 {[%clk 1:25:52]} 9. Be2
{[%clk 1:27:07]} cxd4 {[%clk 1:22:54]} 10. exd4 {[%clk 1:27:23]} g5
{[%clk 1:23:09]} 11. Bg3 {[%clk 1:27:49]} Nh5 {[%clk 1:23:21]} 12. Qxb6
{[%clk 1:25:31]} axb6 {[%clk 1:23:45]} 13. Bc7 {[%clk 1:22:34]} Nf4
{[%clk 1:23:42]} 14. Bf1 {[%clk 1:22:15]} b5 {[%clk 1:18:17]} 15. g3
{[%clk 1:21:34]} Ng6 {[%clk 1:18:26]} 16. Bxb5 {[%clk 1:19:17]} Nb4
{[%clk 1:00:13]} 17. Bxd7+ {[%clk 1:15:16]} Kxd7 {[%clk 1:00:34]} 18. cxb4
{[%clk 1:07:49]} Kxc7 {[%clk 1:00:50]} 19. Rc1+ {[%clk 1:07:59]} Kd7
{[%clk 0:59:06]} 20. a3 {[%clk 1:08:19]} g4 {[%clk 0:50:38]} 21. Ng1
{[%clk 1:08:11]} h5 {[%clk 0:49:48]} 22. Ne2 {[%clk 1:06:18]} Bg7
{[%clk 0:41:52]} 23. Nb3 {[%clk 1:06:23]} b6 {[%clk 0:42:17]} 24. Nc3
{[%clk 1:01:31]} Ne7 {[%clk 0:38:24]} 25. Ke2 {[%clk 0:58:42]} h4
{[%clk 0:32:20]} 26. Nb5 {[%clk 0:58:33]} Nc6 {[%clk 0:31:59]} 27. h3
{[%clk 0:53:07]} hxg3 {[%clk 0:29:06]} 28. hxg4 {[%clk 0:53:15]} g2
{[%clk 0:18:54]} 29. Rhg1 {[%clk 0:48:55]} Rh2 {[%clk 0:18:42]} 30. Rc3
{[%clk 0:46:05]} Rah8 {[%clk 0:16:36]} 31. Rg3 {[%clk 0:43:31]} R8h3
{[%clk 0:15:53]} 32. Rxh3 {[%clk 0:41:07]} Rxh3 {[%clk 0:16:16]} 33. f3
{[%clk 0:40:42]} Ne7 {[%clk 0:10:06]} 34. Rxg2 {[%clk 0:40:15]} Ng6
{[%clk 0:10:31]} 35. Rf2 {[%clk 0:32:41]} Bf6 {[%clk 0:09:55]} 36. Kd1
{[%clk 0:26:01]} Rh1+ {[%clk 0:08:24]} 37. Kc2 {[%clk 0:25:37]} Bh4
{[%clk 0:08:41]} 38. Rd2 {[%clk 0:25:26]} Kc6 {[%clk 0:06:35]} 39. a4
{[%clk 0:17:34]} Be7 {[%clk 0:04:45]} 40. Kd3 {[%clk 0:17:30]} Bxb4
{[%clk 0:04:34]} 41. Rc2+ {[%clk 0:17:55]} Kd7 {[%clk 0:04:43]} 42. Rc7+
{[%clk 0:17:46]} Ke8 {[%clk 0:02:53]} 43. Kc2 {[%clk 0:13:40]} Nf4
{[%clk 0:29:32]} 44. a5 {[%clk 0:37:03]} Rh2+ {[%clk 0:23:44]} 45. Kb1
{[%clk 0:36:36]} bxa5 {[%clk 0:23:36]} 46. Nc5 {[%clk 0:36:31]} Kf8
{[%clk 0:22:46]} 47. Nd6 {[%clk 0:31:31]} Ne2 {[%clk 0:16:43]} 48. Rxf7+
{[%clk 0:30:25]} Kg8 {[%clk 0:17:07]} 49. Rc7 {[%clk 0:21:56]} Rh1+
{[%clk 0:14:55]} 50. Kc2 {[%clk 0:20:10]} Nxd4+ {[%clk 0:15:15]} 51. Kd3
{[%clk 0:20:36]} Bxc5 {[%clk 0:12:33]} 52. Rxc5 {[%clk 0:20:59]} Nxf3
{[%clk 0:13:00]} 53. Ke3 {[%clk 0:12:45]} Ne5 {[%clk 0:12:53]} 54. Rxa5
{[%clk 0:10:28]} Nxg4+ {[%clk 0:11:53]} 55. Kf4 {[%clk 0:10:54]} Nf2
{[%clk 0:12:01]} 56. Kg5 {[%clk 0:08:18]} Nd3 {[%clk 0:09:34]} 57. Ra8+
{[%clk 0:08:12]} Kg7 {[%clk 0:09:54]} 58. Ra7+ {[%clk 0:08:28]} Kg8
{[%clk 0:09:53]} 59. Kg6 {[%clk 0:07:06]} Rg1+ {[%clk 0:08:53]} 60. Kf6
{[%clk 0:07:18]} Rf1+ {[%clk 0:07:16]} 61. Kxe6 {[%clk 0:07:19]} Nxb2
{[%clk 0:07:39]} 62. Ra8+ {[%clk 0:03:31]} Kh7 {[%clk 0:07:37]} 63. Kxd5 1/2-1/2

[Event "escc2023_50"]
[Site "?"]
[Date "2023.05.29"]
[Round "4.6"]
[White "Sturua, Zurab"]
[Black "Katzir, Moshe"]
[Result "1-0"]
[BlackElo "2150"]
[WhiteElo "2518"]
[LiveChessVersion "1.4.8"]

1. c4 {[%clk 1:30:48]} c5 {[%clk 1:30:45]} 2. Nf3 {[%clk 1:30:53]} Nc6
{[%clk 1:30:57]} 3. Nc3 {[%clk 1:30:51]} e5 {[%clk 1:31:04]} 4. e3
{[%clk 1:30:02]} f5 {[%clk 1:28:15]} 5. d4 {[%clk 1:29:30]} e4 {[%clk 1:26:24]}
6. d5 {[%clk 1:26:44]} exf3 {[%clk 1:24:52]} 7. dxc6 {[%clk 1:27:08]} dxc6
{[%clk 1:25:04]} 8. Qxd8+ {[%clk 1:26:30]} Kxd8 {[%clk 1:25:28]} 9. gxf3
{[%clk 1:26:53]} Nf6 {[%clk 1:20:12]} 10. b3 {[%clk 1:19:27]} Bd6
{[%clk 1:17:52]} 11. Bb2 {[%clk 1:19:30]} Rf8 {[%clk 1:07:14]} 12. Bd3
{[%clk 1:12:10]} Kc7 {[%clk 0:57:33]} 13. Ne2 {[%clk 1:09:47]} Bd7
{[%clk 0:47:33]} 14. O-O-O {[%clk 1:04:14]} Rae8 {[%clk 0:47:08]} 15. Rd2
{[%clk 1:04:24]} Be5 {[%clk 0:30:29]} 16. Ba3 {[%clk 1:02:17]} b6
{[%clk 0:30:33]} 17. f4 {[%clk 1:01:53]} Bd6 {[%clk 0:30:05]} 18. Rhd1
{[%clk 1:01:24]} Rd8 {[%clk 0:20:10]} 19. Bb2 {[%clk 1:00:10]} Be7
{[%clk 0:15:21]} 20. f3 {[%clk 0:48:32]} g6 {[%clk 0:12:47]} 21. Ng3
{[%clk 0:40:55]} Be6 {[%clk 0:10:45]} 22. Bf1 {[%clk 0:41:10]} Rxd2
{[%clk 0:09:38]} 23. Rxd2 {[%clk 0:39:43]} Nd7 {[%clk 0:09:21]} 24. Bh3
{[%clk 0:37:32]} Bd6 {[%clk 0:09:26]} 25. Ne4 {[%clk 0:34:11]} Be7
{[%clk 0:08:54]} 26. Ng5 {[%clk 0:24:15]} Bg8 {[%clk 0:05:30]} 27. e4
{[%clk 0:24:20]} h6 {[%clk 0:04:47]} 28. exf5 {[%clk 0:24:44]} gxf5
{[%clk 0:02:57]} 29. Ne4 {[%clk 0:25:06]} Be6 {[%clk 0:02:16]} 30. Kd1
{[%clk 0:19:48]} Rg8 {[%clk 0:02:37]} 31. Ng3 {[%clk 0:20:01]} Bd6
{[%clk 0:02:24]} 32. Re2 {[%clk 0:16:57]} Rg6 {[%clk 0:01:41]} 33. Bc1
{[%clk 0:13:42]} Rf6 {[%clk 0:01:43]} 34. Nh5 {[%clk 0:13:47]} Rg6
{[%clk 0:02:03]} 35. Rg2 {[%clk 0:12:18]} Nf8 {[%clk 0:01:47]} 36. Rg3
{[%clk 0:11:53]} Bd7 {[%clk 0:01:23]} 37. Bb2 {[%clk 0:10:54]} Be7
{[%clk 0:00:57]} 38. Ng7 {[%clk 0:10:23]} Bd6 {[%clk 0:00:58]} 39. Be5
{[%clk 0:06:08]} Bxe5 {[%clk 0:00:51]} 40. fxe5 {[%clk 0:06:33]} f4
{[%clk 0:00:51]} 41. Rxg6 {[%clk 0:06:21]} Nxg6 {[%clk 0:00:56]} 42. e6
{[%clk 0:06:38]} Bc8 {[%clk 0:00:59]} 43. Ne8+ {[%clk 0:03:05]} Kd8
{[%clk 0:00:47]} 44. Nd6 {[%clk 0:03:15]} Bxe6 {[%clk 0:29:29]} 45. Bxe6
{[%clk 0:33:40]} Ke7 {[%clk 0:29:54]} 46. Bf5 {[%clk 0:33:59]} Nh4
{[%clk 0:30:15]} 47. Nc8+ {[%clk 0:34:16]} Kd8 {[%clk 0:30:23]} 48. Bh3
{[%clk 0:34:15]} Nxf3 {[%clk 0:29:59]} 49. Nd6 {[%clk 0:32:50]} Ke7
{[%clk 0:26:11]} 50. Nf5+ {[%clk 0:25:38]} Kf6 {[%clk 0:26:29]} 51. Nxh6
{[%clk 0:26:01]} Kg5 {[%clk 0:26:50]} 52. Ng4 {[%clk 0:25:38]} Kh4
{[%clk 0:25:42]} 53. Nf2 {[%clk 0:26:02]} Nxh2 {[%clk 0:24:39]} 54. Bd7
{[%clk 0:25:53]} Nf3 {[%clk 0:22:14]} 55. Bxc6 {[%clk 0:26:14]} Nd4
{[%clk 0:22:34]} 56. Bd5 {[%clk 0:26:23]} f3 {[%clk 0:18:57]} 57. Ne4
{[%clk 0:23:31]} Kh3 {[%clk 0:13:03]} 58. Ke1 {[%clk 0:23:19]} Kg2
{[%clk 0:12:47]} 59. Ng5 {[%clk 0:23:03]} Kg3 {[%clk 0:12:54]} 60. Kf1
{[%clk 0:22:42]} Kg4 {[%clk 0:12:42]} 61. Ne6 {[%clk 0:21:26]} Nc2
{[%clk 0:09:59]} 62. Kf2 {[%clk 0:21:21]} Nb4 {[%clk 0:10:21]} 63. Bxf3+
{[%clk 0:17:55]} Kf5 {[%clk 0:10:48]} 64. a3 {[%clk 0:15:19]} Nc2
{[%clk 0:09:44]} 65. Nc7 {[%clk 0:15:16]} Ke5 {[%clk 0:09:40]} 66. Bd1
{[%clk 0:13:27]} Nxa3 {[%clk 0:08:44]} 67. Ke3 {[%clk 0:12:43]} a6
{[%clk 0:08:51]} 68. Nxa6 {[%clk 0:10:51]} b5 {[%clk 0:07:17]} 69. cxb5
{[%clk 0:10:31]} Nxb5 {[%clk 0:06:39]} 70. Nxc5 {[%clk 0:10:46]} Kd5
{[%clk 0:06:59]} 71. Nd3 {[%clk 0:10:50]} Kc6 {[%clk 0:07:07]} 72. Bg4
{[%clk 0:10:41]} Nd6 {[%clk 0:06:27]} 73. Kd4 {[%clk 0:10:31]} Nb5+
{[%clk 0:06:41]} 74. Kc4 {[%clk 0:09:58]} Na3+ {[%clk 0:06:16]} 75. Kb4
{[%clk 0:08:16]} Nc2+ {[%clk 0:06:36]} 76. Kc3 {[%clk 0:08:25]} Ne3
{[%clk 0:06:49]} 77. Be6 {[%clk 0:08:37]} Kd6 {[%clk 0:06:39]} 78. Bc4
{[%clk 0:08:49]} Kc6 {[%clk 0:06:50]} 79. b4 {[%clk 0:09:12]} Kb6
{[%clk 0:06:58]} 80. Nb2 {[%clk 0:07:41]} Nf5 {[%clk 0:06:39]} 81. Na4+
{[%clk 0:07:53]} Kb7 {[%clk 0:06:50]} 82. Bd3 {[%clk 0:07:43]} Nd6
{[%clk 0:07:07]} 83. Kd4 {[%clk 0:07:59]} Kc6 {[%clk 0:07:28]} 84. Nc3
{[%clk 0:08:15]} Nc8 {[%clk 0:06:50]} 85. Ke5 {[%clk 0:07:54]} Kb7
{[%clk 0:06:27]} 86. Nd5 {[%clk 0:07:22]} Kc6 {[%clk 0:06:08]} 87. Ba6
{[%clk 0:06:22]} Nd6 {[%clk 0:06:04]} 88. Ne7+ {[%clk 0:06:12]} Kd7
{[%clk 0:06:20]} 89. Nf5 {[%clk 0:06:18]} Nf7+ {[%clk 0:06:34]} 90. Kf6
{[%clk 0:06:28]} Nd8 {[%clk 0:06:38]} 91. Bb5+ {[%clk 0:06:45]} Kc7
{[%clk 0:06:55]} 92. Ke7 {[%clk 0:06:47]} Nb7 {[%clk 0:06:18]} 93. Bd7
{[%clk 0:05:12]} Kb6 {[%clk 0:04:59]} 94. Ne3 {[%clk 0:05:18]} Na5
{[%clk 0:03:54]} 95. Ba4 {[%clk 0:05:20]} Nb7 {[%clk 0:03:55]} 96. Nc4+
{[%clk 0:04:55]} Kc7 {[%clk 0:04:18]} 97. Bd7 {[%clk 0:04:59]} Nd8
{[%clk 0:02:54]} 98. Nd6 {[%clk 0:04:54]} 1-0